| 000 | 00492nam a2200181Ia 4500 | ||
|---|---|---|---|
| 008 | 230711s9999||||xx |||||||||||||| ||und|| | ||
| 020 | _a978-93-329-0113-1 | ||
| 041 | _aENG | ||
| 082 |
_a621.319 _bPA-C |
||
| 100 | _aPai,M.A | ||
| 245 | 0 | _aComputer techniques in power system analysis | |
| 250 | _a3rd Ed. | ||
| 260 |
_c2014 _aNew Delhi _bMcGraw Hill Education(India) Private Limited |
||
| 300 | _aI.4p. | ||
| 650 | _aElectrical Engineering | ||
| 700 | _aChatterjee,Dheeman | ||
| 942 | _cBK | ||
| 999 |
_c6243 _d6243 |
||